The world of learning

Bibliographic Details
Previous Title:The Europa world of learning
Corporate Author: Europa Publications Limited
Format: Book
Published: London : Europa , c1925-
Subjects:

MARC

LEADER 00000cam a2200000 7i4500
001 0000009126
005 20120510093000.0
008 021119s1925
020 |a 0946653313 
022 0 |a 00842117 
050 0 0 |a AS2   |b W6 
090 0 0 |a AS8   |b W6 f 
245 0 4 |a The world of learning 
246 1 |a Europa world of learning 
260 |a London :   |b Europa ,   |c c1925- 
362 0 |a 1st issue: 1925- 
650 0 |a Learned institutions and societies   |x Directories 
710 2 |a Europa Publications Limited 
780 0 4 |a The Europa world of learning 
999 |a 1000004372   |b Serials   |c Close Access   |e Gong Badak Campus 
999 |a 1000004373   |b Serials   |c Close Access   |e Gong Badak Campus 
999 |a 1000004374   |b Serials   |c Close Access   |e Gong Badak Campus 
999 |a 1000042250   |b Serials   |c Close Access   |e Gong Badak Campus 
999 |a 1000043624   |b Serials   |c Reference   |e Gong Badak Campus 
999 |a 1000052633   |b Serials   |c Close Access   |e Gong Badak Campus 
999 |a 1000081859   |b Serials   |c Close Access   |e Gong Badak Campus 
999 |a 1000083124   |b Serials   |c Close Access   |e Gong Badak Campus 
999 |a 1000106425   |b Serials   |c Close Access   |e Gong Badak Campus 
999 |a 1000106426   |b Serials   |c Close Access   |e Gong Badak Campus 
999 |a 1000106427   |b Serials   |c Close Access   |e Gong Badak Campus 
999 |a 1000116279   |b Serials   |c Close Access   |e Gong Badak Campus 
999 |a 1000116280   |b Serials   |c Close Access   |e Gong Badak Campus 
999 |a 1000146514   |b Serials   |c Close Access   |e Gong Badak Campus 
999 |a 1000146515   |b Serials   |c Close Access   |e Gong Badak Campus 
999 |a 1000146516   |b Serials   |c Close Access   |e Gong Badak Campus 
999 |a 1000146517   |b Serials   |c Close Access   |e Gong Badak Campus 
999 |a 1000162060   |b Book   |c Close Access   |e Gong Badak Campus 
999 |a 1000162269   |b Book   |c Close Access   |e Gong Badak Campus